| 000 | 01016nam a2200205Ia 4500 | ||
|---|---|---|---|
| 999 |
_c5804 _d5804 |
||
| 003 | OSt | ||
| 005 | 20200701191619.0 | ||
| 008 | 191128s1979 ck ad fr 100 0 spa d | ||
| 040 |
_aCO-JMCR _cCO-JMCR |
||
| 041 | 0 | _aspa | |
| 082 | 0 | 4 |
_a336.006 / _bS471s _223 |
| 111 | 2 |
_aSeminario Interamericano de Presupuesto _n(8o. : _d1979 _cBogotá) _96417 |
|
| 245 | 1 | 0 |
_aVIII seminario de presupuesto / _cMinisterio de Hacienda y Credito Publico |
| 260 |
_aBogotá : _bMinisterio de Hacienda y Crédito público, _c1979 |
||
| 300 |
_a348 páginas : _bilustraciones y gráficos a blanco y negro ; _c25 cm. |
||
| 505 | 0 | _aControl administrativo del presupuesto -- Manual de control presupuestario -- El control de la gestión de los entes descentralizados -- Panel de experiencias sobre control presupuestario -- Conclusiones y recomendaciones | |
| 650 | 1 | 4 |
_aAdministración presupuestal _vcongresos, conferencias, etc. _zColombia _96418 |
| 650 | 1 | 4 |
_aPresupuesto _vcongresos, conferencias, etc. _zColombia _96419 |
| 942 |
_2ddc _cBK |
||